000 00644nam a2200241Ia 4500
003 OSt
005 20220918220832.0
006 a|||||r|||| 00| 0
007 ta
008 220917b |||||||| |||| 00| 0 eng d
024 _a147,177
037 _cTextual
040 _aARTS
_cARTS
_beng
041 _2eng
_aeng
082 _aY31-48.2.N7, L9-;2
100 _aSharma Surjan Singh
_9138366
245 0 _aRural elites in India
260 _aNew Delhi
_bSterling
_c1979
300 _axiii, 267p.
_ccm.
650 _aSOCIOLOGY
942 _hY31-48.2.N7, L9-;2
_cTEXL
_2CC
999 _c269931
_d269931